Word Ladder: Canis Lupus Quiz Stats

 Plays Quiz Updated Mar 9, 2016

Challenge
Share
Tweet
Embed
Score 0/28 Timer 03:00
2 Plays Today
Hint 4-Letter Word % Correct
Lima, kidney, or pinto, e.g.BEAN
96.4%
To converseTALK
93.8%
• Canid's wagging body part •• TAIL •
93.4%
Like a redwood or skyscraperTALL
93.2%
Very pale redPINK
92.9%
ChoosePICK
92.4%
'Au' elementGOLD
92%
• Book with canids: The Call of the ____• WILD •
91.8%
• Cry to the moon •• HOWL •
91.1%
;-)WINK
91%
Unwelcome bathtub growth [US]MOLD
90.8%
Chinook, zephyr, trade, or gale, e. g.WIND
89.6%
Game for Nicklaus, Palmer, and WoodsGOLF
89.6%
Gentle, mellowMILD
89.1%
Hint 4-Letter Word % Correct
'Double, double ____ and trouble'TOIL
88.8%
• Canid social group •• PACK •
86.7%
Birds often hunted for gameFOWL
86.7%
Fencing weaponFOIL
85.4%
• Canis lupus: [first rung] + [last rung] •• WOLF •
85.3%
Horseback riding equipmentTACK
85%
Grain form found in cerealBRAN
82.6%
Sanders slogan: 'Feel the ___'BERN
81.2%
Donkey soundBRAY
78.5%
Brought forth by an obstetricianBORN
74.3%
• Canis lupus: [first rung] + [last rung] •• GRAY •
66.7%
Elias who invented the sewing machineHOWE
63.1%
Cause ennui in a crowdBORE
61.2%
Former professional boxer RiddickBOWE
59.6%

Today's Daily Dose

You're not logged in!

Compare scores with friends on all Sporcle quizzes.
OR
Log In

You Might Also Like...

Show Comments

Extras

Top Quizzes Today


Score Distribution

Your Account Isn't Verified!

In order to create a playlist on Sporcle, you need to verify the email address you used during registration. Go to your Sporcle Settings to finish the process.

Report this User

Report this user for behavior that violates our Community Guidelines.

Details: